| 000 | 00974nam a22003015a 4500 | ||
|---|---|---|---|
| 999 |
_c22737 _d22709 |
||
| 003 | EG-ScBUE | ||
| 005 | 20210504100206.0 | ||
| 008 | 161020s2013 enk f b 001 0 eng d | ||
| 020 | _a9780230349131 | ||
| 040 |
_aEG-ScBUE _beng _erda _cEG-ScBUE _dEG-ScBUE |
||
| 082 | 0 | 4 |
_a821.8 _bSTE _222 |
| 100 | 1 |
_aSteinberg, Gillian, _d1973- _eauthor. |
|
| 245 | 1 | 0 |
_aThomas Hardy : _bthe poems / _cGillian Steinberg. |
| 264 | 1 |
_aHampshire ; _aNew York : _bPalgrave Macmillan, _c2013. |
|
| 300 |
_axiii, 239 pages ; _c22 cm. |
||
| 336 |
_2rdacontent _atext _btxt |
||
| 337 |
_2rdamedia _aunmediated _bn |
||
| 338 |
_2rdacarrier _avolume _bnc |
||
| 490 | 0 | _aAnalysing texts | |
| 504 | _aIncludes bibliographical references and index. | ||
| 590 | _aSuzan Ashmawy and revised by Rahma Essa. | ||
| 650 | 7 |
_aPoetry. _2BUEsh |
|
| 650 | 7 |
_aPoetic works. _2BUEsh |
|
| 651 | _2BUEsh | ||
| 653 |
_bHHUUEENN _cOctober2016 _cNovember2016 |
||
| 655 |
_vReading book _934232 |
||
| 942 |
_2ddc _cBB |
||